| 000 | 01375nam a2200301Ia 4500 | ||
|---|---|---|---|
| 999 |
_c49423 _d49423 |
||
| 001 | 16346 | ||
| 003 | GE_BSU | ||
| 005 | 20200127105524.0 | ||
| 008 | 181216s2008||||ge |||||||||||||| ||geo|| | ||
| 020 | _a97899941100093 | ||
| 040 | _cGE_BSU | ||
| 041 | _ageo | ||
| 080 | _a347.998.2 გ-12 | ||
| 100 |
_aგაბისონია, იური _9462 |
||
| 245 |
_aნაფიც მსაჯულთა, მაგისტრატთა და მომრიგებელი სასამართლოები _bმონოგრაფია / _cიური გაბისონია ; რედ. რევაზ გოგშელიძე. |
||
| 264 |
_aთბილისი : _bმერიდიანი, _c2008. |
||
| 300 |
_a544გვ.: _bსქ; _c20 სმ. |
||
| 500 | _a. | ||
| 504 | _aბიბლიოგრ. ტექსტ. შენიშვნ. და გვ. 503-529. | ||
| 520 | _aრეზ. რუს. | ||
| 541 | _h16ლ. | ||
| 653 | _aსამართალი | ||
| 653 | _a ნაფიც მსაჯულთა სასამართლო | ||
| 653 | _aმაგისტრატთა სასამართლო | ||
| 653 | _aმომრიგებელი სასამართლო | ||
| 700 |
_aგოგშელიძე, რევაზ _eრედქტორი _93473 |
||
| 942 |
_cBK _2udc |
||